Titanic (Record no. 18098)
[ view plain ]
| 000 -LEADER | |
|---|---|
| fixed length control field | 01687cgm a22003857a 4500 |
| 005 - DATE AND TIME OF LATEST TRANSACTION | |
| control field | 20140310154352.0 |
| 007 - PHYSICAL DESCRIPTION FIXED FIELD--GENERAL INFORMATION | |
| fixed length control field | vd cgaizm |
| 008 - FIXED-LENGTH DATA ELEMENTS--GENERAL INFORMATION | |
| fixed length control field | 140310t2012 xxu186 e |||| 0| vleng d |
| 020 ## - INTERNATIONAL STANDARD BOOK NUMBER | |
| International Standard Book Number | 5039036053631 |
| 082 04 - DEWEY DECIMAL CLASSIFICATION NUMBER | |
| Edition number | 22 |
| Classification number | 791.4372 |
| Item number | TIT |
| 245 00 - TITLE STATEMENT | |
| Title | Titanic |
| Medium | [videorecording] / |
| Statement of responsibility, etc | Twentieth Century Fox and Paramount Pictures ; a LightStream Entertainment production ; produced by James Cameron and Jon Landau ; written and directed by James Cameron. |
| 260 ## - PUBLICATION, DISTRIBUTION, ETC. (IMPRINT) | |
| Place of publication, distribution, etc | [Los Angeles, United States] : |
| Name of publisher, distributor, etc | Twentieth Century Fox Home Entertainment, |
| Date of publication, distribution, etc | c.2012. |
| 300 ## - PHYSICAL DESCRIPTION | |
| Extent | 2 videodiscs (186 min.) : |
| Other physical details | sd., col. ; |
| Dimensions | 4 3/4 in. |
| 508 ## - CREATION/PRODUCTION CREDITS NOTE | |
| Creation/production credits note | Director of photography Russell Carpenter ; editors Conrad Buff, James Cameron, Richard A. Harris ; music James Horner. |
| 511 ## - PARTICIPANT OR PERFORMER NOTE | |
| Participant or performer note | Leonardo DiCaprio, Kate Winslet, Billy Zane. |
| 521 ## - TARGET AUDIENCE NOTE | |
| Target audience note | Suitable only for persons of 12 years and over. |
| 586 ## - AWARDS NOTE | |
| Awards note | Winner of 11 academy awards including best picture. |
| 610 2# - SUBJECT ADDED ENTRY--CORPORATE NAME | |
| Corporate name or jurisdiction name as entry element | Titanic (Steamship) |
| 9 (RLIN) | 35456 |
| 650 #0 - SUBJECT ADDED ENTRY--TOPICAL TERM | |
| 9 (RLIN) | 25065 |
| Topical term or geographic name as entry element | Man-woman relationships |
| Form subdivision | Drama |
| 653 ## - INDEX TERM--UNCONTROLLED | |
| -- | GGEN |
| -- | March2014 |
| 700 1# - ADDED ENTRY--PERSONAL NAME | |
| 9 (RLIN) | 35271 |
| Personal name | DiCaprio, Leonardo, |
| Dates associated with a name | 1974- |
| 700 1# - ADDED ENTRY--PERSONAL NAME | |
| Personal name | Winslet, Kate, |
| 9 (RLIN) | 35466 |
| 700 1# - ADDED ENTRY--PERSONAL NAME | |
| Personal name | Zane, Billy, |
| 9 (RLIN) | 35467 |
| 700 1# - ADDED ENTRY--PERSONAL NAME | |
| Personal name | Horner, James, |
| 9 (RLIN) | 35468 |
| 700 1# - ADDED ENTRY--PERSONAL NAME | |
| Personal name | Harris, Richard A., |
| Dates associated with a name | 1930- |
| 9 (RLIN) | 35469 |
| 700 1# - ADDED ENTRY--PERSONAL NAME | |
| Personal name | Cameron, James, |
| 9 (RLIN) | 35470 |
| 700 1# - ADDED ENTRY--PERSONAL NAME | |
| Personal name | Buff, Conrad, |
| 9 (RLIN) | 35471 |
| 700 1# - ADDED ENTRY--PERSONAL NAME | |
| Personal name | Carpenter, Russell, |
| 9 (RLIN) | 35472 |
| 700 1# - ADDED ENTRY--PERSONAL NAME | |
| Personal name | Cameron, James, |
| 9 (RLIN) | 35473 |
| 700 1# - ADDED ENTRY--PERSONAL NAME | |
| Personal name | Landau, Jon, |
| 9 (RLIN) | 35474 |
| 710 2# - ADDED ENTRY--CORPORATE NAME | |
| Corporate name or jurisdiction name as entry element | LightStream Entertainment |
| 9 (RLIN) | 35475 |
| 710 2# - ADDED ENTRY--CORPORATE NAME | |
| 9 (RLIN) | 35269 |
| Corporate name or jurisdiction name as entry element | Paramount Pictures Corporation (1914-1927) |
| 710 2# - ADDED ENTRY--CORPORATE NAME | |
| 9 (RLIN) | 25600 |
| Corporate name or jurisdiction name as entry element | Twentieth Century-Fox Film Corporation |
| 942 ## - ADDED ENTRY ELEMENTS (KOHA) | |
| Source of classification or shelving scheme | Dewey Decimal Classification |
| Item type | |
| Call number prefix | 791.4372 TIT |
| Withdrawn status | Lost status | Source of classification or shelving scheme | Damaged status | Not for loan | Koha collection | Home library | Current library | Shelving location | Date acquired | Source of acquisition | Cost, normal purchase price | Total Checkouts | Total Renewals | Full call number | Barcode | Date last seen | Date last borrowed | Cost, replacement price | Koha item type |
|---|---|---|---|---|---|---|---|---|---|---|---|---|---|---|---|---|---|---|---|
| Dewey Decimal Classification | Baccah | Central Library | Central Library | Second Floor | 10/03/2014 | Purchase | 159.00 | 4 | 12 | 791.4372 TIT | 000035681 | 24/08/2022 | 18/10/2018 | 198.75 | CD | DVD - Movie (NB) |